000 00398nam a2200169Ia 4500
003 IT-RoPAU
008 120407s9999 xx 000 0 und d
040 _aIT-RoPAU
040 _cIT-RoPAU
100 _aJean Marie Roger Tillard
245 _aDavanti a Dio e per il mondo: il progetto dei religiosi
260 _aEdizioni Paoline
300 _c cm
490 _v1
942 _cBK
999 _c3506
_d3506